Comparative effectiveness research

Detalles Bibliográficos
Formato: Electrónico Revista
Lenguaje:inglés
Publicado: Auckland, N.Z. : Dove Medical Press, [2011]-
Materias:
Acceso en línea:Full text available from Research Library: 01/01/2011 to present

MARC

LEADER 00000nas a2200000 a 4500
001 ssj0000581384
003 WaSeSS
005 20200512172242.0
006 m d
007 cr n
008 100625c20119999nz an pss 0 a0eng c
010 |a  2012257248 
022 |a 1179-8483  |l 1179-8483 
035 |a (WaSeSS)ssj0000581384 
040 |a NZ1  |b eng  |c NZ1  |d CUD  |d INU  |d OCLCQ  |d CUS  |d OCLCF  |d CUS  |d OCLCO  |d EUW  |d OCLCO  |d OCLCQ  |d WT2  |d OCLCQ  |d AU@  |d VT2  |d OCLCQ  |d CNMTR  |d OCLCQ  |d WaSeSS 
042 |a pcc 
050 4 |a RA399.A1 
082 0 4 |a 362.105  |2 22 
130 0 |a Comparative effectiveness research (Auckland, N.Z.) 
210 1 |a Comp. eff. res.  |b (Auckl.) 
222 0 |a Comparative effectiveness research  |b (Auckland) 
245 1 0 |a Comparative effectiveness research  |h [electronic resource]. 
246 1 |i Title in HTML header:  |a Journal of comparative effectiveness research 
260 |a Auckland, N.Z. :  |b Dove Medical Press,  |c [2011]- 
310 |a Annual 
362 1 |a Began with vol. 1 (2011). 
500 |a Archived by the National Library of New Zealand. 
500 |a Articles in PDF format. 
500 |a Hypertext links contained in the archived instances of this title are non-functional.  |5 Nz 
506 |a License restrictions may limit access. 
515 |a Articles added irregularly during the year and collected into annual issues. 
538 |a Mode of access: World Wide Web. 
588 0 |a Vol. 1 (2011); title from journal home page (publisher's Web site, viewed Nov. 21, 2012). 
588 1 |a Vol. 2 (2012) (publisher's Web site, viewed Nov. 21, 2012). 
650 0 |a Medical care  |x Evaluation  |v Periodicals. 
650 0 |a Medicine  |x Research  |v Periodicals. 
650 0 |a Evidence-based medicine  |v Periodicals. 
650 7 |a Evidence-based medicine.  |2 fast  |0 (OCoLC)fst00917247 
650 7 |a Medical care  |x Evaluation.  |2 fast  |0 (OCoLC)fst01013794 
650 7 |a Medicine  |x Research.  |2 fast  |0 (OCoLC)fst01015059 
655 0 |a Electronic journals. 
856 4 0 |z Full text available from Research Library: 01/01/2011 to present  |u https://search.proquest.com/publication/3933176